000 00589nam a2200229Ia 4500
003 OSt
005 20220928144428.0
006 a|||||r|||| 00| 0
007 ta
008 220927b |||||||| |||| 00| 0 eng d
024 _a68803
037 _cTextual
040 _aSDCL
_cSDCL
_beng
041 _2eng
_aeng
082 _aI,11:f3, N6
100 _aGunning Brian E S
_9507733
245 0 _aPlant cell biology.
260 _c1996
700 _a Steer Martin W
_9433502
942 _hI,11:f3, N6
_cTEXL
_2CC
999 _c827241
_d827241